000 00308 a2200145 4500
001 194944
040 _cMagnum
100 _aPorto, Cristina
240 1 0 _aCatarina Malagueta
_lpor
245 1 0 _aCatarina Malagueta
300 _a82
362 0 _a2006
697 _aLITERATURA INFANTO-JUVENIL
942 _cBK
999 _c194944
_d194944